Städte in Polen - Sudden Death - Statistiken

Allgemein
  • Dieses Quiz wurde 219 mal gespielt
  • Das Durchschnittsergebnis liegt bei 8 aus 15
Answers on the Grid
Answers color-coded by a green-red scale on the quiz's grid according to % correct below.
Krakau
Lublin
Radom
Kielce
Gliwice
Katowice
Warschau
Elbląg
Posen
Słupsk
Stettin
Bydgoszcz
Zamość
Opole
Kalisz
Ostrava
Nitra
Vitebsk
Grodno
Kaunas
Wolgast
Goiânia
Košice
Pensa
Rjasan
Debrecen
Braşov
Plzeň
Chóśebuz
Lwiw
 
Antwortstatistiken
Antwort % Korrekt
Warschau
82%
Krakau
78%
Katowice
74%
Posen
74%
Stettin
70%
Gliwice
60%
Lublin
57%
Kielce
54%
Bydgoszcz
49%
Opole
42%
Słupsk
40%
Radom
34%
Zamość
31%
Kalisz
29%
Elbląg
25%
Keine übereinstimmenden Quizze gefunden
Verteilung der Resultate
Anzahl Personen mit jedem Resultat
Perzentil nach korrekt beantworteten Fragen
Ihre Resultats-Entwicklung
Sie haben dieses Quiz noch nicht gespielt